Haryana tatha punjab ki sangeet parmpara (Record no. 116680)

MARC details
000 -LEADER
fixed length control field 00378nam a2200145Ia 4500
008 - FIXED-LENGTH DATA ELEMENTS--GENERAL INFORMATION
fixed length control field 230917s9999||||xx |||||||||||||| ||und||
040 ## - CATALOGING SOURCE
-- 99628
Original cataloging agency VIVEKANANDA LIBRARY
041 ## - Language
-- English
082 ## - DDC NUMBER
Classification number 784.40954558 D536H
100 ## - MAIN ENTRY--PERSONAL NAME
Personal name Dhankar, Reeta
245 #0 - TITLE STATEMENT
Title Haryana tatha punjab ki sangeet parmpara
260 ## - PUBLICATION, DISTRIBUTION, ETC. (IMPRINT)
Place of publication, distribution, etc Delhi
Name of publisher, distributor, etc Sanjay Prakashan
Date of publication, distribution, etc 2003
300 ## - PHYSICAL DESCRIPTION
Pages xiv, 405 p.
942 ## - ADDED ENTRY ELEMENTS (KOHA)
Koha item type Books
Holdings
Withdrawn status Lost status Damaged status Not for loan Location (home branch) Sublocation or collection (holding branch) Date acquired Koha issues (times borrowed) Koha full call number Accession No. Koha date last seen Koha item type
        VIVEKANANDA LIBRARY VIVEKANANDA LIBRARY 10/11/2003   784.40954558 D536H 207438 17/09/2023 Books
        VIVEKANANDA LIBRARY VIVEKANANDA LIBRARY 10/11/2003   784.40954558 D536H 207439 17/09/2023 Books
        VIVEKANANDA LIBRARY VIVEKANANDA LIBRARY 10/11/2003   784.40954558 D536H 207440 17/09/2023 Books
        VIVEKANANDA LIBRARY VIVEKANANDA LIBRARY 10/11/2003   784.40954558 D536H 207441 17/09/2023 Books
        VIVEKANANDA LIBRARY VIVEKANANDA LIBRARY 10/11/2003   784.40954558 D536H 207442 17/09/2023 Books
        VIVEKANANDA LIBRARY VIVEKANANDA LIBRARY 10/11/2003   784.40954558 D536H 219492 17/09/2023 Books
        VIVEKANANDA LIBRARY VIVEKANANDA LIBRARY 10/11/2003   784.40954558 D536H 219493 17/09/2023 Books
        VIVEKANANDA LIBRARY VIVEKANANDA LIBRARY 10/11/2003 1 784.40954558 D536H 219494 01/10/2024 Books
        VIVEKANANDA LIBRARY VIVEKANANDA LIBRARY 10/11/2003 2 784.40954558 D536H 219495 25/09/2024 Books
        VIVEKANANDA LIBRARY VIVEKANANDA LIBRARY 10/11/2003 2 784.40954558 D536H 219496 09/01/2025 Books
© Designed and Maintained by Vivekananda Library, MDU Rohtak